[Event "Open"]
[Site "Ubeda ESP"]
[Date "2001.01.24"]
[Round "4"]
[White "Paramos Dominguez,R"]
[Black "Ibragimov,I"]
[Result "0-1"]
[WhiteElo "2437"]
[BlackElo "2571"]

1.e4 e5 2.Nf3 Nc6 3.Bb5 a6 4.Ba4 Nf6 5.O-O Be7 6.Re1 b5 7.Bb3 d6 8.c3 O-O
9.h3 Na5 10.Bc2 c5 11.d4 Qc7 12.Nbd2 Bd7 13.Nf1 Nc4 14.b3 Nb6 15.Ne3 Rfe8
16.dxe5 dxe5 17.c4 Bf8 18.Bb2 g6 19.a4 bxa4 20.bxa4 a5 21.Rb1 Ra6 22.Bc3 Bh6
23.Nd5 Nfxd5 24.cxd5 f6 25.Nh2 c4 26.Ng4 Bg7 27.f4 Bxg4 28.hxg4 exf4 29.Qd2 Nd7
30.Rb5 Bf8 31.Bxa5 Qa7+ 32.Kf1 Ne5 33.Bc3 Nxg4 34.Qxf4 h5 35.Ke2 Bh6 36.Qf3 f5
37.e5 Nxe5 38.Bxe5 Rxe5+ 39.Kf1 Rxe1+ 40.Kxe1 Qg1+ 41.Qf1 Bd2+ 42.Ke2 Qe3+
43.Kd1 Bc3  0-1

[Event "Open"]
[Site "Ubeda ESP"]
[Date "2001.01.25"]
[Round "5"]
[White "Ibragimov,I"]
[Black "Anastasian,A"]
[Result "1/2-1/2"]
[WhiteElo "2571"]
[BlackElo "2548"]

1.d4 Nf6 2.c4 e6 3.Nc3 Bb4 4.e3 c5 5.Ne2 b6 6.a3 Bxc3+ 7.Nxc3 O-O 8.Be2 Bb7
9.d5 exd5 10.cxd5 Re8 11.O-O Ba6 12.e4 Bxe2 13.Qxe2 d6 14.Bf4 a6 15.b4 Qc7
16.b5 a5 17.Rfe1 Nbd7 18.Rad1 Re7 19.h3 Rae8 20.Qc2 Nh5 21.Bh2 g5 22.Qd2 f6
23.g4 Ng7 24.Kg2 h5 25.f3 Kf7 26.Rf1 Rh8 27.Bg3 Ke8 28.Na4 Kd8 29.Nb2 Ne8
30.Nc4 Reh7 31.a4 Kc8 32.Rh1 Rg8 33.Kf2 Rgh8 34.Qc1 Qd8 35.Kg2 Qe7 36.Rh2 Qd8
37.Rdh1 Ne5 38.Ne3 Ng7 39.Bxe5 fxe5 40.Nf5 h4 41.Rf1 Qf6  1/2-1/2

[Event "Open"]
[Site "Ubeda ESP"]
[Date "2001.01.26"]
[Round "6"]
[White "Burmakin,V"]
[Black "Ibragimov,I"]
[Result "1/2-1/2"]
[WhiteElo "2493"]
[BlackElo "2571"]

1.Nf3 c5 2.g3 Nc6 3.c4 e5 4.Nc3 g6 5.Bg2 Bg7 6.d3 d6 7.Nd5 Nge7 8.Bg5 h6
9.Bf6 O-O 10.Nxe7+ Nxe7 11.Bxg7 Kxg7 12.O-O Be6 13.e3 Qd7 14.b3 Bg4 15.Qc2 f5
16.Nd2 f4 17.exf4 exf4 18.Qc3+ Kh7 19.f3 Bh3 20.Ne4 Bxg2 21.Kxg2 Nf5 22.Nf6+ Rxf6
23.Qxf6 Ne3+ 24.Kf2 Nxf1 25.Rxf1 fxg3+ 26.hxg3 Re8  1/2-1/2

[Event "Open"]
[Site "Cappelle la Grande FRA"]
[Date "2001.03.01"]
[Round "7"]
[White "Belkhodja,S"]
[Black "Ibragimov,I"]
[Result "0-1"]
[WhiteElo "2471"]
[BlackElo "2571"]

1.e4 c6 2.Nc3 d5 3.Nf3 Bg4 4.h3 Bxf3 5.Qxf3 e6 6.d4 Nf6 7.Bd3 dxe4 8.Nxe4 Qxd4
9.Be3 Qd8 10.Nxf6+ Qxf6 11.Qg3 Nd7 12.O-O e5 13.Qg4 h5 14.Qc4 Bd6 15.Rad1 Nb6
16.Qb3 O-O-O 17.Bxb6 axb6 18.Qxb6 Bc7 19.Qe3 Qe6 20.Qc5 Rd5 21.Qc3 e4 22.Be2 Qd6
23.g3 f6 24.Qe3 h4 25.Kg2 f5 26.c4 Rxd1 27.Rxd1 Qg6 28.Qa3 hxg3 29.fxg3 Kb8
30.Rd7 f4 31.Rxc7 f3+ 32.Kf2 Kxc7 33.Qe7+ Kc8 34.Bf1 Re8 35.Qh4 Qd6 36.Qf4 Qd4+
37.Qe3 Qxe3+ 38.Kxe3 c5  0-1

[Event "Open"]
[Site "Cappelle la Grande FRA"]
[Date "2001.03.02"]
[Round "8"]
[White "Ibragimov,I"]
[Black "Jaracz,P"]
[Result "1-0"]
[WhiteElo "2571"]
[BlackElo "2477"]

1.c4 Nf6 2.Nc3 c5 3.Nf3 Nc6 4.e3 e6 5.d4 d5 6.cxd5 exd5 7.Bb5 Bd6 8.dxc5 Bxc5
9.O-O O-O 10.b3 a6 11.Bxc6 bxc6 12.Bb2 Ba7 13.Rc1 Qd6 14.Ne2 Bb7 15.Ng3 Rfe8
16.Nf5 Qe6 17.N3d4 Qd7 18.Qf3 c5 19.Nxg7 Kxg7 20.Nf5+ Kf8 21.Bxf6 Qe6 22.Ng7 Qe4
23.Nxe8 Qxf3 24.gxf3 Rxe8 25.b4 Re6 26.Bh4 Rg6+ 27.Bg3 h5 28.h4 c4 29.Kh2 Ke7
30.e4 Bb6 31.Rfe1 Re6 32.a4 a5 33.b5 Bc5 34.Red1 Ba3 35.exd5 Bxd5 36.Rxd5 Bxc1
37.Rc5 Ba3 38.Rxc4 f5 39.Rc7+ Kd8 40.Rf7  1-0

[Event "54th ch-RUS"]
[Site "Elista RUS"]
[Date "2001.05.02"]
[Round "3"]
[White "Ibragimov,I"]
[Black "Zakharevich,I"]
[Result "1/2-1/2"]
[WhiteElo "2578"]
[BlackElo "2487"]

1.e4 e6 2.d4 d5 3.Nc3 dxe4 4.Nxe4 Nd7 5.Nf3 Ngf6 6.Nxf6+ Nxf6 7.Bg5 h6 8.Bh4 c5
9.Bxf6 gxf6 10.c3 cxd4 11.Nxd4 e5 12.Bb5+ Bd7 13.Qe2 a6 14.Bxd7+ Qxd7 15.O-O-O O-O-O
16.Nb3 Qe6 17.Rxd8+ Kxd8 18.Rd1+ Kc7 19.Qe4 f5 20.Qe3 Be7 21.f4 Bd6 22.Nc5 Qe7
23.Na4 Kb8 24.fxe5 Qxe5 25.Qxe5 Bxe5 26.g3 f4  1/2-1/2

[Event "54th ch-RUS"]
[Site "Elista RUS"]
[Date "2001.05.03"]
[Round "4"]
[White "Volzhin,A"]
[Black "Ibragimov,I"]
[Result "1/2-1/2"]
[WhiteElo "2528"]
[BlackElo "2578"]

1.Nf3 Nf6 2.c4 e6 3.g3 d5 4.Bg2 dxc4 5.Qa4+ c6 6.Qxc4 b5 7.Qc2 Bb7 8.d4 Nbd7
9.Ne5 Nxe5 10.dxe5 Nd5 11.O-O Be7 12.Rd1 Qb8 13.Nc3 O-O 14.Nxd5 cxd5 15.e4 Rc8
16.Qe2 dxe4 17.Bxe4 Bxe4 18.Qxe4 Rc4 19.Qf3 Qe8 20.Be3 Rc7  1/2-1/2

[Event "54th ch-RUS"]
[Site "Elista RUS"]
[Date "2001.05.07"]
[Round "7"]
[White "Burmakin,V"]
[Black "Ibragimov,I"]
[Result "1-0"]
[WhiteElo "2522"]
[BlackElo "2578"]

1.d4 Nf6 2.Nf3 e6 3.c4 b6 4.g3 Ba6 5.b3 Bb7 6.Bg2 Bb4+ 7.Bd2 a5 8.O-O O-O
9.Nc3 d6 10.Qc2 Nbd7 11.Nb5 Qb8 12.Rfd1 Be4 13.Qb2 c6 14.Nc3 Bxc3 15.Bxc3 b5
16.a4 bxc4 17.bxc4 Qc7 18.Nd2 Rfb8 19.Qa2 Bxg2 20.Kxg2 c5 21.d5 Re8 22.e4 Ng4
23.Rab1 f5 24.h3 Nh6 25.Qb2 Rab8 26.Qc2 Rxb1 27.Rxb1 fxe4 28.Qxe4 e5 29.Rb5 Nf6
30.Qb1 Qc8 31.Rxa5 Nf7 32.Ra7 Ng5 33.g4 Nxg4 34.Qb7 Ne3+ 35.fxe3 Qxh3+ 36.Kf2 Rf8+
37.Ke2 Qg4+ 38.Kd3 Nh3 39.Kc2 Nf2 40.Kb3 h5 41.Qd7 h4 42.Qe6+ Kh8 43.Qxd6 Rf6
44.Qd8+  1-0

[Event "EUR vs Tartarstan"]
[Site "Kazan RUS"]
[Date "2001.08.16"]
[Round "2"]
[White "Ibragimov,I"]
[Black "Akopian,V"]
[Result "1-0"]
[WhiteElo "2579"]
[BlackElo "2660"]

1.d4 Nf6 2.c4 e6 3.Nc3 Bb4 4.e3 c5 5.Bd3 Nc6 6.Nf3 d5 7.O-O O-O 8.a3 Bxc3
9.bxc3 dxc4 10.Bxc4 Qc7 11.Ba2 b6 12.Bb2 Ba6 13.Re1 Rad8 14.e4 e5 15.d5 Ne7
16.c4 Ng6 17.g3 Bc8 18.Nd2 h5 19.Bb1 h4 20.Nf1 Qd7 21.Bc1 Qh3 22.Ra2 Rd6
23.Bd3 Nh7 24.Ne3 hxg3 25.fxg3 Ne7 26.Rf2 Nf6 27.Bb2 Nd7 28.Nf5 Nxf5 29.exf5 b5
30.Bxe5 Nxe5 31.Rxe5 bxc4 32.Bxc4 Qh6 33.Qd2 Qf6 34.Qf4 Ba6 35.Rfe2 Qd8 36.Bxa6 Rxa6
37.Qc4 Rxa3 38.Qxc5 Rd3 39.R2e3 Rd2 40.Re2 Rd3 41.Kg2 Rd1 42.f6 gxf6 43.Rh5 Re8
44.Rxe8+ Qxe8 45.Qc2 Rd4 46.Qh7+ Kf8 47.Qh6+ Ke7 48.Qe3+ Kd8 49.Qxd4 Qe2+
50.Qf2 Qxh5 51.Qxf6+ Ke8 52.Qc6+ Kf8 53.Qc8+ Ke7 54.Qb7+ Kf6 55.Qa6+ Ke5
56.Qxa7 Qe2+ 57.Qf2 Qe4+ 58.Qf3 Qc2+ 59.Kg1 f5 60.h4 Kd6 61.h5 Ke5 62.Kf1 Kd6
63.Ke1 Qc1+ 64.Kf2 Qc2+ 65.Kg1  1-0

[Event "IV Pyramiden-Franken"]
[Site "Fuerth GER"]
[Date "2001.08.19"]
[Round "2"]
[White "Struk,J"]
[Black "Ibragimov,I"]
[Result "0-1"]
[WhiteElo "2266"]
[BlackElo "2579"]

1.e4 e5 2.Nf3 Nc6 3.Bb5 a6 4.Ba4 Nf6 5.O-O Be7 6.Re1 b5 7.Bb3 d6 8.c3 O-O
9.h3 Na5 10.Bc2 c5 11.d4 Qc7 12.Nbd2 Bd7 13.Nf1 Rfe8 14.d5 c4 15.g4 h5 16.N3h2 hxg4
17.Nxg4 Bxg4 18.hxg4 Nh7 19.Re3 Bg5 20.Rh3 Bxc1 21.Qxc1 f6 22.Kg2 Ng5 23.Rh4 Nb7
24.Ng3 g6 25.Qd2 Kg7 26.f4 exf4 27.Qxf4 Rh8 28.Rf1 Qe7 29.Rh5 Nc5 30.e5 dxe5
31.Nf5+ gxf5 32.Qxf5 Nd3 33.Bxd3 cxd3 34.d6 Qb7+ 35.Kg1 Rxh5 36.Qxf6+ Kg8
37.gxh5 Qg7 38.Qxg7+ Kxg7 39.Rf5 d2  0-1

[Event "IV Pyramiden-Franken"]
[Site "Fuerth GER"]
[Date "2001.08.22"]
[Round "5"]
[White "Naumann,A"]
[Black "Ibragimov,I"]
[Result "1-0"]
[WhiteElo "2480"]
[BlackElo "2579"]

1.e4 Nc6 2.Nf3 e5 3.Bb5 a6 4.Ba4 Nf6 5.O-O Be7 6.Bxc6 dxc6 7.d3 Nd7 8.Nbd2 O-O
9.b3 f6 10.Bb2 Nc5 11.d4 exd4 12.Nxd4 Bd6 13.Nf5 Bxf5 14.exf5 Qd7 15.Qf3 Bxh2+
16.Kxh2 Qxd2 17.Ba3 Qd6+ 18.g3 Rfd8 19.Rad1 Qf8 20.Kg2 a5 21.Qf4 b5 22.Qxc7 b4
23.Bb2 Rdc8 24.Qf4 Qf7 25.Rd6 Nd7 26.Rfd1 Nb6 27.Qg4 Nd5 28.Re1 Re8 29.Ree6 Rac8
30.Qc4 Rxe6 31.fxe6 Qe8 32.Qc5 h5 33.Qa7 Qg6 34.Qd4 Kh7 35.Qc4 Ne7 36.Rd7 Nf5
37.Qd3 Re8 38.Bxf6 Qxf6 39.Rf7 Qxe6 40.Rxf5 g6 41.Rxh5+ Kg7 42.Qd4+ Qf6 43.Rh7+  1-0

[Event "IV Pyramiden-Franken"]
[Site "Fuerth GER"]
[Date "2001.08.24"]
[Round "7"]
[White "Ibragimov,I"]
[Black "Kachiani,K"]
[Result "1-0"]
[WhiteElo "2579"]
[BlackElo "2453"]

1.c4 g6 2.d4 Bg7 3.Nc3 d6 4.e4 Nf6 5.f3 O-O 6.Nge2 a6 7.Be3 Nbd7 8.Ng3 c6
9.Be2 b5 10.O-O e5 11.d5 cxd5 12.cxd5 h5 13.Nh1 h4 14.Nf2 Nh5 15.Nd3 Ng3
16.Re1 f5 17.a4 fxe4 18.Nxe4 Nxe4 19.fxe4 h3 20.g3 bxa4 21.Nf2 Nf6 22.Rxa4 Rb8
23.Qd2 Rb3 24.Rb4 Rxe3 25.Qxe3 Kh7 26.g4 Qa5 27.Qa3 Qc5 28.Rc4 Qa7 29.Rxc8 Rxc8
30.g5 Nd7 31.Qxh3+ Kg8 32.Bg4 Rc2 33.Be6+ Kf8 34.Qf3+ Ke8 35.Qf7+ Kd8 36.Rf1 Bh8
37.Qh7  1-0

[Event "Sportland NRW Cup"]
[Site "Senden GER"]
[Date "2001.10.15"]
[Round "3"]
[White "Ibragimov,I"]
[Black "Schaefer,Ma"]
[Result "1-0"]
[WhiteElo "2567"]
[BlackElo "2403"]

1.Nf3 Nf6 2.c4 g6 3.Nc3 Bg7 4.e4 d6 5.d4 O-O 6.h3 Na6 7.Be3 e5 8.d5 Nh5 9.Nh2 Qe8
10.g3 f5 11.exf5 gxf5 12.Be2 Nf6 13.Qd2 Nc5 14.g4 Nfe4 15.Nxe4 Nxe4 16.Qc2 Qg6
17.Bd3 Nc5 18.Bxf5 Bxf5 19.gxf5 Qxf5 20.Qxf5 Rxf5 21.Ke2 e4 22.Rag1 Kh8 23.b3 Nd3
24.Rg4 Raf8 25.f3 Nf4+ 26.Bxf4 Rxf4 27.Rf1 exf3+ 28.Rxf3 Be5 29.Rfxf4 Bxf4
30.Nf3 Re8+ 31.Kf2 Be3+ 32.Kg3 c6 33.h4 cxd5 34.cxd5 Bb6 35.Ng5 Rf8 36.Rf4 Re8
37.Rf7 Re5 38.Nxh7  1-0

[Event "Sportland NRW Cup"]
[Site "Senden GER"]
[Date "2001.10.16"]
[Round "4"]
[White "Maksimenko,A"]
[Black "Ibragimov,I"]
[Result "1/2-1/2"]
[WhiteElo "2495"]
[BlackElo "2567"]

1.Nf3 b6 2.Nc3 e6 3.e4 Bb4 4.d3 Bb7 5.Be2 Ne7 6.Bd2 O-O 7.a3 Bxc3 8.Bxc3 f5
9.exf5 Nxf5 10.h4 Nc6 11.h5 h6 12.Qd2 e5 13.O-O-O d6 14.Rh3 Qf6 15.Rf1 Ncd4
16.Bxd4 Nxd4 17.Bd1 Qf7 18.Kb1 Bxf3 19.Bxf3 Nxf3 20.gxf3 Rae8 21.Rg1 Qf4
22.Qc3 Re7 23.Rg4 Qf5 24.Qc6 Kh8 25.Qb7 a5 26.Qd5 Qe6 27.Qxe6 Rxe6 28.Kc1 Ref6
29.Rgg3 Kh7 30.Kd2 g5 31.hxg6+ Rxg6 32.Ke3 Rf5 33.Rh4 h5 34.Ke4 Rgf6 35.Kd5 Kh6
36.Rhh3 c5 37.Rg8 e4+ 38.Kc6 d5+ 39.Kb5 exf3 40.Rh8+ Kg6 41.Rg8+ Kh6 42.Rhg3 Kh7
43.R3g7+ Kh6 44.Rg3 Kh7  1/2-1/2

[Event "Sportland NRW Cup"]
[Site "Senden GER"]
[Date "2001.10.17"]
[Round "5"]
[White "Ibragimov,I"]
[Black "Kacheishvili,G"]
[Result "0-1"]
[WhiteElo "2567"]
[BlackElo "2583"]

1.d4 Nf6 2.c4 e6 3.Nf3 d5 4.Nc3 Bb4 5.cxd5 exd5 6.Qa4+ Nc6 7.Bf4 Ne4 8.Rc1 O-O
9.a3 Bxc3+ 10.bxc3 g5 11.Be3 f5 12.g3 f4 13.gxf4 gxf4 14.Bd2 Kh8 15.Rg1 Nxd2
16.Kxd2 Bf5 17.Bg2 Qd6 18.c4 Rad8 19.Ng5 dxc4 20.d5 f3 21.Bxf3 Qf4+ 22.Kd1 Ne5
23.Qa5 Qd4+ 24.Ke1 Nd3+ 25.exd3 Rde8+ 26.Kd1 Qxd3+ 27.Qd2 Qb3+ 28.Rc2 Bxc2+
29.Qxc2 h6 30.Bh5 hxg5 31.Qxb3 cxb3 32.Bxe8 Rxe8 33.Rg3 Re5 34.Rd3 a5 35.a4 b5
36.axb5 a4 37.b6 cxb6 38.d6 Re8 39.Kc1 Kg7 40.Kb2 Kf6 41.Ka3 b5 42.d7 Rd8
43.Rd5 b4+ 44.Kb2 Ke6 45.Ra5 Rxd7 46.Rxa4 Rd2+ 47.Kxb3 Rxf2 48.Ra6+ Kf5 49.Rh6 Rf4
50.Rh3 Kg4 51.Rh8 Rf3+ 52.Kxb4 Rh3  0-1

[Event "Sportland NRW Cup"]
[Site "Senden GER"]
[Date "2001.10.19"]
[Round "7"]
[White "Ibragimov,I"]
[Black "Wegener,O"]
[Result "1-0"]
[WhiteElo "2567"]
[BlackElo "2312"]

1.b3 Nf6 2.Bb2 d5 3.e3 g6 4.Bxf6 exf6 5.Nf3 Bg7 6.c4 f5 7.Nc3 dxc4 8.Bxc4 Bxc3
9.dxc3 Qxd1+ 10.Rxd1 Be6 11.Bxe6 fxe6 12.Ne5 Nc6 13.Nxc6 bxc6 14.Rd4 a5 15.Ke2 e5
16.Rc4 Ra6 17.Rc5 e4 18.Rd1 Ke7 19.f3 exf3+ 20.Kxf3 Rb8 21.Rc4 Ke6 22.e4 Rf8
23.Rdd4 fxe4+ 24.Ke3 Rf1 25.Rxe4+ Kd5 26.Red4+ Ke6 27.Rd8 Re1+ 28.Kf4 Rf1+
29.Kg4 Ke7 30.Rh8 h5+ 31.Kg3 c5 32.Rxc5 Re6 33.h3 Re2 34.Rxc7+ Kd6 35.Rg7 Rf6
36.Rhg8 Ree6 37.Ra8 Re3+ 38.Kh2 Rxc3 39.Rxa5  1-0

[Event "5th OIBM"]
[Site "Bad Wiessee GER"]
[Date "2001.11.03"]
[Round "8"]
[White "Dautov,R"]
[Black "Ibragimov,I"]
[Result "1/2-1/2"]
[WhiteElo "2630"]
[BlackElo "2567"]

1.d4 Nf6 2.c4 e6 3.Nc3 Bb4 4.Qc2 O-O 5.a3 Bxc3+ 6.Qxc3 b6 7.Bg5 Bb7 8.f3 h6
9.Bh4 d5 10.e3 Nbd7 11.cxd5 Nxd5 12.Bxd8 Nxc3 13.Bh4 Nd5 14.Bf2 f5 15.Bd3 e5
16.Ne2 Rae8 17.O-O e4 18.fxe4 fxe4 19.Bc4 Nf6 20.Nc3 Kh7 21.Nxd5 Bxd5 22.Be2 Bb7
23.b4 Nd5 24.Bc4 a6 25.Rac1 Re7 26.Ba2 g5 27.Rfe1 Nf6 28.Bg3 Bd5 29.Bb1 Ref7
30.Re2 b5 31.Rc5 c6 32.h3 Nd7 33.Rc3  1/2-1/2

[Event "10th Open"]
[Site "King's Island USA"]
[Date "2001.11.09"]
[Round "1"]
[White "Ibragimov,I"]
[Black "Murthy,P"]
[Result "1-0"]
[WhiteElo "2567"]
[BlackElo "2165"]

1.d4 Nf6 2.Nc3 d5 3.Bg5 e6 4.e4 Be7 5.e5 Nfd7 6.Bxe7 Qxe7 7.f4 O-O 8.Nf3 a6
9.Bd3 f6 10.exf6 Nxf6 11.Qd2 c5 12.dxc5 Qxc5 13.O-O-O Nc6 14.Kb1 b5 15.Ne2 b4
16.Ned4 Nxd4 17.Nxd4 Bd7 18.Rde1 Rfe8 19.Rhg1 a5 20.g4 Kh8 21.Qe3 a4 22.g5 Ne4
23.Bxe4 dxe4 24.Qxe4 a3 25.Rg3 Kg8 26.Rh3 g6 27.Qe5 Qb6 28.Rxh7  1-0

[Event "US Masters"]
[Site "Chicago USA"]
[Date "2002.03.02"]
[Round "4"]
[White "Blatny,P"]
[Black "Ibragimov,I"]
[Result "1/2-1/2"]
[WhiteElo "2433"]
[BlackElo "2584"]

1.e4 e5 2.Nf3 Nc6 3.Bb5 a6 4.Ba4 Nf6 5.O-O Be7 6.Bxc6 dxc6 7.Qe1 Nd7 8.b3 c5
9.Nc3 O-O 10.Nd5 Bd6 11.Ne3 Nb8 12.Bb2 Nc6 13.c3 a5 14.Rd1 Qe8 15.d3 a4 16.Nd2 b5
17.Nf5 axb3 18.axb3 Ra2 19.Rb1 f6 20.Nxd6 cxd6 21.f4  1/2-1/2

[Event "US Masters"]
[Site "Chicago USA"]
[Date "2002.03.03"]
[Round "7"]
[White "Andrianov,N"]
[Black "Ibragimov,I"]
[Result "1-0"]
[WhiteElo "2450"]
[BlackElo "2584"]

1.d4 c5 2.d5 e5 3.e4 d6 4.Nc3 g6 5.h4 Nf6 6.Be2 h5 7.Nf3 Be7 8.Ng5 a6 9.a4 Nbd7
10.a5 Nf8 11.g3 Bg4 12.f3 Bd7 13.Be3 N6h7 14.Qd2 Nxg5 15.hxg5 f6 16.gxf6 Bxf6
17.Na4 Bxa4 18.Rxa4 h4 19.gxh4 Rxh4 20.Rxh4 Bxh4+ 21.Kd1 Rc8 22.f4 Bg3 23.fxe5 Bxe5
24.Rc4 Qh4 25.b4 Nd7 26.bxc5 Nxc5 27.Qe1 g5 28.Qg1 Bf4 29.e5 Bxe3 30.Rxh4 Bxg1
31.Rh8+ Ke7 32.exd6+ Kxd6 33.Rxc8 Kxd5 34.Bf3+ Kc4 35.Bxb7 Kb5 36.Bd5 Kxa5
37.Kd2 Na4 38.c3 Nb6 39.Rd8 g4 40.Bb3 g3 41.Rg8 Kb5 42.Rxg3 Bc5 43.Rg6 a5
44.Bf7 Nc4+ 45.Kc2 Nd6 46.Be6 Kc6 47.Kb3 Be3 48.Rg3 Bb6 49.Rg5 Bd8 50.Rh5 Kb6
51.Bd5 Bf6 52.Rh6 Be5 53.Re6 Bf4 54.Bf3 Kc5 55.Be2 Kd5 56.Re7 Bg5 57.Bf3+  1-0

[Event "National Open"]
[Site "Las Vegas USA"]
[Date "2002.03.08"]
[Round "1"]
[White "Kurosaki,T"]
[Black "Ibragimov,I"]
[Result "0-1"]
[WhiteElo "2074"]
[BlackElo "2584"]

1.c4 e5 2.g3 Nc6 3.Bg2 f5 4.Nc3 Nf6 5.e3 g6 6.Nge2 Bg7 7.d4 e4 8.f3 exf3
9.Bxf3 O-O 10.O-O d6 11.a3 Ne7 12.Nf4 g5 13.Nd3 c6 14.Rb1 Be6 15.b3 d5 16.Ne5 Ng6
17.Nxg6 hxg6 18.Be2 Re8 19.Qc2 Bf7 20.Bd3 Qd7 21.Bd2 Re7 22.Rbe1 Rae8 23.c5 Bh6
24.Qc1 g4 25.Rf2 Nh7 26.Bf1 Ng5 27.Bg2 Nh3+ 28.Bxh3 gxh3 29.Nd1 f4 30.gxf4 Be6
31.Rf3 Bg4 32.Rf2 g5 33.e4 Rxe4 34.Rxe4 Rxe4 35.fxg5 Be2 36.Qc3 Bg7  0-1

[Event "National Open"]
[Site "Las Vegas USA"]
[Date "2002.03.08"]
[Round "2"]
[White "Ibragimov,I"]
[Black "Watson,J"]
[Result "1-0"]
[WhiteElo "2584"]
[BlackElo "2333"]

1.d4 Nf6 2.c4 c5 3.d5 e6 4.Nc3 exd5 5.cxd5 d6 6.e4 g6 7.h3 Bg7 8.Nf3 O-O
9.Bd3 Nbd7 10.O-O Nh5 11.Bg5 Bf6 12.Be3 Re8 13.Nd2 Bd4 14.Re1 Bxe3 15.Rxe3 a6
16.a4 Rb8 17.Bf1 Qg5 18.Nc4 Qf6 19.a5 Ne5 20.Nxe5 Qxe5 21.Na4 Nf6 22.Nb6 Nd7
23.Nc4 Qf6 24.Qf3 Qd8 25.Qg3 Ne5 26.Nb6 f6 27.f4 Nf7 28.Nc4 Kh8 29.Rae1 g5
30.fxg5 Rg8 31.h4 Ne5 32.Nxe5 fxe5 33.Rf3 Bd7 34.Re2 Qe7 35.Ref2 Rbf8 36.Be2 Be8
37.Rxf8 Rxf8 38.Rxf8+ Qxf8 39.Bg4 Qe7 40.Qf3 Kg7 41.Be6 h6 42.gxh6+ Kxh6
43.g4 Bb5 44.g5+  1-0

[Event "11th Open"]
[Site "Chicago USA"]
[Date "2002.05.26"]
[Round "5"]
[White "Georgiev,Vl"]
[Black "Ibragimov,I"]
[Result "0-1"]
[WhiteElo "2502"]
[BlackElo "2588"]

1.d4 Nf6 2.c4 e6 3.Nc3 Bb4 4.e3 b6 5.Bd3 Bb7 6.Nf3 O-O 7.Bd2 d5 8.cxd5 exd5
9.O-O Bd6 10.Ne5 c5 11.f4 Nc6 12.Qf3 cxd4 13.Nxc6 Bxc6 14.exd4 Qd7 15.f5 Rfe8
16.Bg5 Ne4 17.Bxe4 dxe4 18.Qg4 Kh8 19.d5 Bb7 20.Nxe4 Be5 21.Rad1 Bxb2 22.Qe2 f6
23.Qxb2 Rxe4 24.Bf4 Ba6 25.Rf2 Qxd5 26.Qd2 Qxf5 27.Bb8 Qg6 28.Rf4 Rxb8  0-1

[Event "33rd NCC"]
[Site "Philadelphia USA"]
[Date "2002.11.29"]
[Round "1"]
[White "Ibragimov,I"]
[Black "Mirabile,T"]
[Result "1-0"]
[WhiteElo "2566"]
[BlackElo "2262"]

1.d4 Nf6 2.c4 g6 3.Nc3 d5 4.e3 Bg7 5.Qb3 dxc4 6.Bxc4 O-O 7.Nf3 e6 8.O-O Nbd7
9.Rd1 Qe7 10.e4 c6 11.e5 Nd5 12.Ne4 f6 13.exf6 N7xf6 14.Bg5 Qc7 15.Nxf6+ Nxf6
16.Bxe6+ Bxe6 17.Qxe6+ Kh8 18.Re1 Rae8 19.Qb3 Nd5 20.Bh4 Qb6 21.Qxb6 axb6
22.Bg3 Kg8 23.a3 Rd8 24.Be5 Bh6 25.h4 Rd7 26.Re4 Re8 27.Rae1 Rde7 28.Kf1 b5
29.R4e2 Kf7 30.g3 Re6 31.Nh2 b4 32.axb4 Nxb4 33.f4 Ra8 34.Nf3 Ra2 35.Rd1 Re8
36.Rdd2 Nd5 37.Rd3 Rea8 38.Rb3 b5 39.Bd6 Bg7 40.Kf2 h6 41.Bc5 R8a4 42.Ne5+ Bxe5
43.fxe5 Ke6 44.Rf3 Ra8 45.g4 Rg8 46.Rc2 Ra6 47.Kg3 Raa8 48.Bd6 Rac8 49.Ra3 g5
50.h5 Rh8 51.Ra6 Kd7 52.Ra7+ Ke6 53.Kf3 Nf4 54.Ke4 Nd5 55.Rf2 Rce8 56.Rff7 Rhg8
57.Bc5  1-0

[Event "33rd NCC"]
[Site "Philadelphia USA"]
[Date "2002.12.01"]
[Round "5"]
[White "Milman,L"]
[Black "Ibragimov,I"]
[Result "1-0"]
[WhiteElo "2295"]
[BlackElo "2566"]

1.e4 e6 2.d4 d5 3.Nc3 Bb4 4.e5 c5 5.Bd2 Ne7 6.a3 Bxc3 7.Bxc3 b6 8.b4 Nbc6
9.Nf3 Qc7 10.bxc5 bxc5 11.dxc5 Ng6 12.Bd3 Qe7 13.Qd2 Qxc5 14.Bb4 Nxb4 15.axb4 Qc7
16.O-O O-O 17.Qe3 Bd7 18.Ra3 Rfb8 19.c3 Bb5 20.Bxb5 Rxb5 21.Rfa1 Rb6 22.Ra6 Rxa6
23.Rxa6 h6 24.g3 Rc8 25.Rxa7 Qxc3 26.Ra8 Qc6 27.Rxc8+ Qxc8 28.b5 Nf8 29.Qa7 Qc3
30.Kg2 g5 31.h3 Kg7 32.b6 Qb4 33.b7 Nd7 34.Qa8 Qe4 35.Qd8 Nxe5 36.Qh8+ Kxh8
37.b8=Q+ Kg7 38.Qxe5+ f6 39.Qxe4 dxe4 40.Nd4 Kf7 41.g4 Ke7 42.Kf1 Kd6 43.Ke2 Ke5
44.Nc6+ Kd6 45.Nd8 f5 46.gxf5 exf5 47.Nf7+ Ke6 48.Nxh6 Kf6 49.Ke3 Kg6 50.Ng4 Kh5
51.Ne5 Kh4 52.Nf7 Kxh3 53.Nxg5+ Kg2 54.Ke2 Kg1 55.Nf7 f4 56.Nd6 e3 57.f3 Kg2
58.Nf5  1-0

[Event "North American Open"]
[Site "Las Vegas USA"]
[Date "2002.12.29"]
[Round "6"]
[White "Barcenilla,R"]
[Black "Ibragimov,I"]
[Result "0-1"]
[WhiteElo "2486"]
[BlackElo "2566"]

1.c4 e5 2.g3 Nc6 3.Bg2 f5 4.Nc3 Nf6 5.d3 Bb4 6.Nf3 Bxc3+ 7.bxc3 d6 8.O-O O-O
9.Ne1 Qe8 10.f4 e4 11.Nc2 Bd7 12.Ne3 Ne7 13.Ba3 b6 14.d4 c5 15.d5 Ba4 16.Qd2 Qg6
17.Bh3 Qh5 18.Bg2 Qg6 19.Bh3 Qh5 20.Bg2 Kh8 21.Rf2 Neg8 22.h3 Nh6 23.Bc1 Qg6
24.Kh2 Qh5 25.Kg1 Qg6 26.Kh2 Qe8 27.Kg1 Rb8 28.Bf1 Bd7 29.Rg2 Rg8 30.Qe1 Rb7
31.Qf2 Bc8 32.Rb1 Rf7 33.Rb3 Bd7 34.Ra3 Bc8 35.Bd2 Qe7 36.Bc1 g6 37.Qe1 Rfg7
38.h4 Nhg4 39.Nxg4 Nxg4 40.e3 h6 41.Be2 Nf6 42.Rh2 Rh7 43.Kf2 Qc7 44.Qh1 Kg7
45.Ke1 Kf8 46.Bd2 Bd7 47.Bc1 Ke8 48.Rb3 Kd8 49.Rb1 Kc8 50.Bd1 Kb8 51.Be2 Ba4
52.Kd2 Qg7 53.Bb2 Bd7 54.Ba1 Rhh8 55.Qg2 g5 56.hxg5 hxg5 57.Rxh8 Rxh8 58.Rh1 g4
59.Bb2 Rxh1 60.Qxh1 Qh7 61.Qxh7 Nxh7 62.Ke1 Nf6 63.Bc1 Ba4 64.Bd2 Nh5 65.Kf2 Bc2
66.Be1 Bb1 67.a3 Bc2  0-1

[Event "65th NY Masters"]
[Site "New York USA"]
[Date "2003.07.22"]
[Round "4"]
[White "Furdzik,R"]
[Black "Ibragimov,I"]
[Result "1/2-1/2"]
[WhiteElo "2254"]
[BlackElo "2587"]

1.e4 e6 2.Qe2 c5 3.Nf3 Nc6 4.g3 g6 5.Bg2 Bg7 6.O-O Nge7 7.c3 O-O 8.Na3 d6
9.d4 cxd4 10.cxd4 Nxd4 11.Nxd4 Bxd4 12.Rd1 Bg7 13.Nb5 d5 14.Bg5 f6 15.Be3 Bd7
16.Bc5  1/2-1/2

[Event "66th NY Masters"]
[Site "New York USA"]
[Date "2003.07.29"]
[Round "3"]
[White "Ibragimov,I"]
[Black "Paehtz,E"]
[Result "1/2-1/2"]
[WhiteElo "2587"]
[BlackElo "2417"]

1.d4 d5 2.c4 c6 3.Nf3 Nf6 4.Nc3 a6 5.a4 e6 6.cxd5 cxd5 7.Bf4 Bb4 8.Qb3 Nc6
9.e3 Qa5 10.Bd3 O-O 11.O-O h6 12.h3 Qd8 13.Ne5 Bd6 14.Nxc6 bxc6 15.Ne2 c5
16.Bxd6 Qxd6 17.Qa3 Nd7 18.Rfc1 Qc7 19.dxc5 a5 20.c6 Ne5 21.Bh7+ Kxh7 22.Qxf8 Rb8
23.Qa3 Ba6 24.Nd4 Nd3 25.Rc3 Nxb2 26.Nb5 Bxb5 27.axb5 Rxb5 28.Rc5 Rb6 29.Qxa5 Nc4
30.Qa8 Rb8 31.Qa4 Rb6 32.g3 Qd6 33.Qc2+ f5 34.Rxc4  1/2-1/2

[Event "US Open"]
[Site "Los Angeles USA"]
[Date "2003.08.04"]
[Round "2"]
[White "Ibragimov,I"]
[Black "Zuniga,I"]
[Result "1-0"]
[WhiteElo "2587"]
[BlackElo "2115"]

1.d4 Nf6 2.c4 g6 3.Nc3 Bg7 4.e4 d6 5.Bg5 O-O 6.Qd2 Re8 7.Bd3 c5 8.d5 e6 9.Nge2 Nbd7
10.Ng3 Qa5 11.O-O a6 12.dxe6 Rxe6 13.f4 Ng4 14.Kh1 Bxc3 15.bxc3 Qc7 16.h3 f6
17.Bh4 g5 18.fxg5 fxg5 19.Qxg5+ Rg6  1-0

[Event "US Open"]
[Site "Los Angeles USA"]
[Date "2003.08.05"]
[Round "3"]
[White "Kerman,D"]
[Black "Ibragimov,I"]
[Result "0-1"]
[WhiteElo "2212"]
[BlackElo "2587"]

1.d4 Nf6 2.Nf3 e6 3.Bg5 h6 4.Bxf6 Qxf6 5.e4 d5 6.Nbd2 a6 7.Qe2 Qd8 8.exd5 Qxd5
9.g3 c5 10.c4 Qh5 11.d5 Be7 12.h4 exd5 13.O-O-O Nc6 14.cxd5 Qxd5 15.Nc4 Qe6
16.Qd2 O-O 17.Bd3 Qf6 18.Nb6 Bg4 19.Ng5 Rad8 20.Bh7+ Kh8 21.Nd5 Rxd5 22.Qxd5 Bxd1
23.Qxd1 g6 24.Qd2 Kg7 25.f4 Rd8 26.Qh2 Qf5 27.h5 Nb4  0-1

[Event "US Open"]
[Site "Los Angeles USA"]
[Date "2003.08.11"]
[Round "8"]
[White "Ibragimov,I"]
[Black "Pruess,D"]
[Result "1-0"]
[WhiteElo "2587"]
[BlackElo "2331"]

1.d4 d5 2.c4 e6 3.Nf3 c6 4.Nbd2 Nf6 5.e3 Nbd7 6.Bd3 Bd6 7.O-O O-O 8.e4 e5
9.cxd5 cxd5 10.exd5 exd4 11.Ne4 Nxe4 12.Bxe4 Nc5 13.Qxd4 Nxe4 14.Qxe4 Re8
15.Qd4 Bf5 16.Bg5 f6 17.Be3 Qd7 18.Rad1 Re4 19.Qd2 Bg4 20.Nd4 Bxd1 21.Rxd1 Rc8
22.b3 a6 23.Ne6 Qb5 24.f3 Bb4 25.Qd3 Qxd3 26.Rxd3 Re5 27.f4 Re4 28.Kf2 Rc3
29.Ke2 f5 30.Rxc3 Bxc3 31.Kd3 Bf6 32.Nc5 Rb4 33.a3 Rb6 34.Kc4 Kf7 35.b4 Be7
36.Ne6 Rd6 37.Ba7 Rd7 38.Bb8 h6 39.Be5 g6 40.Nc5 Bxc5 41.bxc5 Ke7 42.h4 Rd8
43.a4 Kd7 44.Kb4 Kc8 45.Kc4 Re8 46.Kd4 Kd7 47.a5 Re7 48.Ke3 g5 49.h5 Re8
50.g3 Rg8 51.Kf3 Rc8 52.fxg5 Re8 53.Kf4 hxg5+ 54.Kxf5 Ke7 55.h6 Rf8+ 56.Kg6 Rg8+
57.Bg7  1-0

[Event "125th ch-NY"]
[Site "Kerhonkson USA"]
[Date "2003.09.01"]
[Round "5"]
[White "Bonin,J"]
[Black "Ibragimov,I"]
[Result "0-1"]
[WhiteElo "2368"]
[BlackElo "2587"]

1.g3 e5 2.c4 Nc6 3.Nc3 f5 4.Bg2 Nf6 5.a3 g6 6.d3 Bg7 7.e3 O-O 8.Nge2 d6 9.O-O Be6
10.Nd5 Qd7 11.Rb1 Nd8 12.b4 Ne8 13.b5 c6 14.bxc6 bxc6 15.Qa4 Rc8 16.Nb4 Nf6
17.Qa6 Qc7 18.Qa4 a5 19.Na6 Qa7 20.Qxa5 Ra8 21.Rb6 Nd7 22.Bxc6 Nxb6 23.Bxa8 Nxa8
24.Bd2 Nc6 25.Qb5 Nb8 26.Nxb8 Rxb8 27.Qa5 Qxa5 28.Bxa5 Rb3 29.Bb4 Bf8 30.Nc3 Nc7
31.Rb1 Rxb1+ 32.Nxb1 d5 33.Bxf8 Kxf8 34.cxd5 Bxd5 35.f4 e4 36.d4 Ke7 37.Nc3 Kd6
38.Kg2 Bc6 39.Kh3 Nd5 40.Nxd5 Kxd5 41.Kh4 Kc4  0-1